000 00218nam a2200097Ia 4500
008 240331s9999 xx 000 0 und d
082 _bRUR
100 _aDavies,M. tr
245 0 _aRural women in Latin America
942 _cL
999 _c1893
_d1893